000
00302nam a2200121Ia 4500
005
20251222144644.0
008
251222s9999||||xx |||||||||||||| ||spa||
020
_a
2-85056-428-1
082
_a
271.2/D88/T.2
245
0
_a
Les Dominicales d' Unterlinden
264
_b
Somogy Editions D'Art
942
_c
LIB
999
_c
16792
_d
16792